000
00270nam a22001097a 4500
008
160526b xxu||||| |||| 00| 0 eng d
020
_a
0131129597
041
_a
eng
080
_a
615
245
_a
Health professional's: Drug guide:
_c
Margaret T. Shannon;
942
_2
udc
_c
BK
999
_c
2428
_d
2428